00362nam a2200157Ia 4500001000500000005001700005008004100022041000800063082002000071100002700091245003300118260000900151300002800160650000800188654000800196493520260306145831.0260306t2016||||xx |||||||||||||| ||spa|| aESP a332bCH248 2016 aChu Rubio, ManueleAUT 0aFinanzas para no financieros c2016 a259 páginas :c24 cm. aGEN aCAN